| 000 | 00788nam a2200193 a 4500 | ||
|---|---|---|---|
| 001 | 000036669 | ||
| 005 | 20200930075850.0 | ||
| 008 | 120124s1972 mx 000 0 spa d | ||
| 040 |
_aDO-SdBNP _bspa _cBNPHU |
||
| 110 | 1 |
_aEstados Unidos. _bDepartamento de Agricultura. _bServicio de Conservación de Suelos. _962948 |
|
| 240 | 1 | 0 |
_aDrainge _lestpañol |
| 245 | 1 | 0 |
_aPrincipios del avenamiento o drenaje / _ctraductor Ramón Palazón. |
| 260 |
_aMéxico : _bCentro Regional de Ayuda Técnica, _bAgencia para el Desarrollo Internacional, _c1972. |
||
| 300 |
_a47 p. ; _c23 cm. |
||
| 490 | 1 |
_aManual de ingeniería de suelos ; _aAvenamiento _v16 |
|
| 504 | _aBibliografía : p 47 | ||
| 700 | 1 | 2 |
_aPalazón, Ramón _etr. _941247 |
| 830 | 0 |
_aManual de ingeniería de suelos ; _v16 _pAvenamiento _962949 |
|
| 999 |
_c36160 _d36160 |
||